000 00868nam a2200253Ia 4500
003 OSt
005 20221005104941.0
006 a|||||r|||| 00| 0
007 ta
008 221004b |||||||| |||| 00| 0 hin d
020 _a9788191077353 (hbk)
_c450
024 _a105975
037 _b1461, 17/03/2011, Kiran Book Service
_cTextual
040 _aCRL
_cCRL
_bhin
041 _2hin
_ahin
082 _aO152:g, Q1
100 _aमधुरेश
245 0 _aआलोचना
_b प्रतिवाद की संस्कृति
246 _aĀlochanā: prativād kī sanskṛuti
260 _aदिल्ली
_bस्वराज प्रकाशन भारत
_c2011
300 _a226पृ0
_ccm.
942 _hO152:g, Q1
_cTEXL
_2cc
999 _c1014291
_d1014291